[Event "Budapest Vezerkepzo GM 12"]
[Site "Budapest"]
[Date "2023.12.21"]
[Round "8"]
[White "Vardan, Nagpal"]
[Black "Matyassy, Lazar"]
[Result "1-0"]
[WhiteElo "2323"]
[BlackElo "2197"]
[PlyCount "143"]
[EventDate "2023.12.14"]
[EventType "tourn"]
[EventRounds "9"]
[EventCountry "HUN"]
[EventCategory "6"]
[SourceTitle "CB52_2023"]
[SourceDate "2023.12.27"]
[SourceVersion "1"]
[SourceVersionDate "2023.12.27"]
[SourceQuality "1"]

1. d4 Nf6 2. c4 e6 3. Nf3 d5 4. Nc3 Nbd7 5. cxd5 exd5 6. Bg5 Be7 7. e3 c6 8. Qc2 Nh5 9. Bxe7 Qxe7 10. 0-0-0 g6 11. Kb1 Nb6 12. Bd3 Be6 13. Rc1 0-0-0 14. Na4 Kb8 15. Nc5 Ng7 16. Ka1 Bf5 17. Rhd1 Bxd3 18. Rxd3 Ne6 19. Nxe6 Qxe6 20. Rc3 f6 21. h3 Nc4 22. Ne1 Rhe8 23. Nd3 Qe4 24. Rg1 g5 25. Qd1 Nd6 26. Nc5 Qe7 27. Qf3 Ka8 28. a3 f5 29. Rc2 Rf8 30. g3 Rde8 31. Nd3 Nc4 32. Qd1 Rf6 33. Ka2 Rff8 34. Rh1 a6 35. Rh2 Ka7 36. Rc3 Nd6 37. Rc1 Nc4 38. Qc2 h6 39. Qc3 Ka8 40. h4 Nd6 41. hxg5 hxg5 42. Rch1 Ne4 43. Qc2 Qd8 44. Rh7 Re7 45. R7h6 Qa5 46. Rh8 Ree8 47. R8h7 Rc8 48. Rg7 Rc7 49. Rhh7 Rfc8 50. Nc5 Nxc5 51. dxc5 Rxg7 52. Rxg7 f4 53. gxf4 gxf4 54. exf4 Rd8 55. f5 d4 56. Qb3 Qb5 57. Qxb5 axb5 58. Kb1 Rd5 59. f6 Rf5 60. f7 Ka7 61. Kc2 Rxc5+ 62. Kd3 Rf5 63. Kxd4 Rxf2 64. Ke5 b4 65. axb4 Kb6 66. Ke6 Re2+ 67. Kd7 Rd2+ 68. Ke7 Re2+ 69. Kf8 Rxb2 70. Kg8 Rf2 71. f8Q Rxf8+ 72. Kxf8 1-0

[Event "Budapest Vezerkepzo GM 12"]
[Site "Budapest"]
[Date "2023.12.20"]
[Round "7"]
[White "Neverov, Valeriy"]
[Black "Vardan, Nagpal"]
[Result "1/2-1/2"]
[WhiteElo "2394"]
[BlackElo "2323"]
[PlyCount "116"]
[EventDate "2023.12.14"]
[EventType "tourn"]
[EventRounds "9"]
[EventCountry "HUN"]
[EventCategory "6"]
[SourceTitle "CB52_2023"]
[SourceDate "2023.12.27"]
[SourceVersion "1"]
[SourceVersionDate "2023.12.27"]
[SourceQuality "1"]

1. c4 e6 2. Nf3 d5 3. d4 a6 4. cxd5 exd5 5. Nc3 c6 6. Bf4 Bd6 7. Bg3 Ne7 8. e3 0-0 9. Qb3 b5 10. Bd3 Bf5 11. Qc2 g6 12. 0-0-0 a5 13. e4 dxe4 14. Nxe4 Bxe4 15. Bxe4 Na6 16. Qd2 f5 17. Bc2 Nd5 18. Kb1 a4 19. Rc1 Re8 20. Rhe1 Rxe1 21. Qxe1 Qd7 22. Bxd6 Qxd6 23. a3 Nac7 24. Qe5 Rd8 25. Qxd6 Rxd6 26. b3 axb3 27. Bxb3 Kg7 28. g3 Ne7 29. Kb2 Ncd5 30. Ne5 Nf6 31. f3 Nd7 32. Nxd7 Rxd7 33. Re1 Kf8 34. Kc3 Ke8 35. Re6 Kd8 36. h4 Kc7 37. h5 gxh5 38. Rf6 Nd5+ 39. Bxd5 Rxd5 40. Rh6 f4 41. Rxh7+ Kb6 42. gxf4 Rf5 43. Kd3 Rxf4 44. Ke3 Rh4 45. f4 Rh3+ 46. Ke4 Rxa3 47. f5 Ra1 48. f6 Rf1 49. Ke5 b4 50. Rxh5 Kb5 51. Ke6+ Kc4 52. Rc5+ Kxd4 53. Rxc6 b3 54. f7 b2 55. Rb6 Kc3 56. Ke7 Rxf7+ 57. Kxf7 Kc2 58. Rxb2+ Kxb2 1/2-1/2

[Event "Budapest Vezerkepzo GM 12"]
[Site "Budapest"]
[Date "2023.12.19"]
[Round "6"]
[White "Vardan, Nagpal"]
[Black "Panesar, Vedant"]
[Result "0-1"]
[WhiteElo "2323"]
[BlackElo "2445"]
[PlyCount "92"]
[EventDate "2023.12.14"]
[EventType "tourn"]
[EventRounds "9"]
[EventCountry "HUN"]
[EventCategory "6"]
[SourceTitle "CB52_2023"]
[SourceDate "2023.12.27"]
[SourceVersion "1"]
[SourceVersionDate "2023.12.27"]
[SourceQuality "1"]

1. d4 Nf6 2. c4 e6 3. Nf3 d5 4. Nc3 dxc4 5. e4 b5 6. e5 Nfd7 7. Nxb5 Nb6 8. Be3 Nc6 9. Be2 Be7 10. 0-0 0-0 11. Nc3 Rb8 12. a3 Bb7 13. Qc2 Na5 14. Rfd1 h6 15. Rab1 Qd7 16. Nd2 Rfd8 17. Bf3 Bxf3 18. Nxf3 Qc6 19. Ne4 Nd5 20. Bd2 Nb3 21. Be1 Rb6 22. Ned2 Nxd2 23. Bxd2 Rdb8 24. Bc3 Rb3 25. Nd2 Nf4 26. f3 R3b5 27. Kh1 Nd5 28. Qe4 Bg5 29. Rbc1 Qa6 30. h4 Bxd2 31. Rxd2 Rb3 32. Rdc2 Qa4 33. Kh2 h5 34. Kg3 g6 35. Qe2 Qb5 36. Qe4 Rb6 37. Qe2 Rc6 38. Qe4 Ra6 39. Qe2 Ra4 40. Be1 Ne3 41. Rd2 c3 42. Qxb5 Rxb5 43. Rd3 cxb2 44. Rb1 Nc2 45. Bb4 Nxb4 46. axb4 Rbxb4 0-1

[Event "Budapest Vezerkepzo GM 12"]
[Site "Budapest"]
[Date "2023.12.18"]
[Round "5"]
[White "Vaz, Ethan"]
[Black "Vardan, Nagpal"]
[Result "1/2-1/2"]
[WhiteElo "2400"]
[BlackElo "2323"]
[PlyCount "170"]
[EventDate "2023.12.14"]
[EventType "tourn"]
[EventRounds "9"]
[EventCountry "HUN"]
[EventCategory "6"]
[SourceTitle "CB52_2023"]
[SourceDate "2023.12.27"]
[SourceVersion "1"]
[SourceVersionDate "2023.12.27"]
[SourceQuality "1"]

1. e4 e5 2. Nf3 Nf6 3. Nxe5 d6 4. Nf3 Nxe4 5. Nc3 Nxc3 6. dxc3 Be7 7. Bf4 0-0 8. Qd2 Bg4 9. 0-0-0 Nd7 10. Be2 Nf6 11. h3 Bd7 12. g4 Re8 13. Qd3 Bf8 14. Nd2 Bc6 15. Bf3 Bxf3 16. Qxf3 c6 17. h4 Qa5 18. Kb1 d5 19. g5 Ne4 20. h5 Nxd2+ 21. Bxd2 Qa4 22. g6 fxg6 23. hxg6 hxg6 24. Qh3 Qe4 25. Qh7+ Kf7 26. Rh4 Qg2 27. Rf4+ Ke7 28. Qg8 Kd6 29. Rf7 g5 30. Rxb7 Qxf2 31. Bxg5 Qf5 32. Bc1 Re2 33. Rd3 Re1 34. Qf7 Qxf7 35. Rxf7 Be7 36. Rxg7 Rf8 37. Re3 Rxe3 38. Bxe3 Rf1+ 39. Bc1 Ke6 40. b4 Bf6 41. Rg6 Kf7 42. Rg4 Bxc3 43. Rf4+ Rxf4 44. Bxf4 Bxb4 45. Be3 a6 46. Kb2 Ke6 47. c3 Bd6 48. Kc2 c5 49. Kd3 Kf5 50. c4 d4 51. Bh6 Be7 52. Bd2 Bd6 53. Ba5 Kf4 54. Bb6 Kf3 55. Ba7 Kf2 56. Kd2 Kf3 57. Kd3 Kf4 58. Bb6 Kf5 59. Ba5 Ke6 60. Bd2 Bg3 61. Ke4 Kd6 62. Kf3 Bh2 63. Ke4 Ke6 64. Be1 Bc7 65. Bd2 Bd8 66. Kd3 Ke5 67. Be1 Bg5 68. Ba5 Bc1 69. Kc2 Ba3 70. Kb3 Bc1 71. Kc2 Bh6 72. Kd3 Kd6 73. Kc2 Kc6 74. Bd8 Bf4 75. Ba5 Be3 76. Bd8 Bf4 77. Ba5 Bg5 78. Kd3 Bc1 79. Kc2 Ba3 80. Kb3 Bb4 81. Bxb4 cxb4 82. Kxb4 a5+ 83. Kb3 Kc5 84. a4 d3 85. Kc3 d2 1/2-1/2

[Event "Budapest Vezerkepzo GM 12"]
[Site "Budapest"]
[Date "2023.12.16"]
[Round "3"]
[White "Vardan, Nagpal"]
[Black "Pap, Misa"]
[Result "0-1"]
[WhiteElo "2323"]
[BlackElo "2426"]
[PlyCount "114"]
[EventDate "2023.12.14"]
[EventType "tourn"]
[EventRounds "9"]
[EventCountry "HUN"]
[EventCategory "6"]
[SourceTitle "CB52_2023"]
[SourceDate "2023.12.27"]
[SourceVersion "1"]
[SourceVersionDate "2023.12.27"]
[SourceQuality "1"]

1. d4 Nf6 2. c4 e6 3. Nf3 b6 4. g3 Bb7 5. Bg2 Be7 6. 0-0 0-0 7. Nc3 Na6 8. Qc2 c5 9. e4 cxd4 10. Nxd4 Rc8 11. Qe2 Qc7 12. b3 d6 13. Rd1 Nc5 14. Ndb5 Qb8 15. Bf4 e5 16. Bg5 Rcd8 17. Bxf6 Bxf6 18. Nd5 Bxd5 19. Rxd5 Ne6 20. Nc3 Rfe8 21. Rad1 g6 22. h4 Bg7 23. Qd3 Nd4 24. Nb5 a6 25. Nxd4 exd4 26. Bh3 Qc7 27. a4 Qe7 28. Bg2 Rc8 29. a5 Qc7 30. Ra1 Re5 31. axb6 Qxb6 32. Re1 Qb4 33. Rb1 Rxd5 34. exd5 a5 35. Bf1 Rb8 36. Ra1 Be5 37. h5 Qxb3 38. Rxa5 Qxd3 39. Bxd3 Rb3 40. Bf1 Rc3 41. hxg6 fxg6 42. Ra2 h5 43. Rd2 Kg7 44. Bd3 g5 45. Kg2 Rc1 46. Rb2 h4 47. gxh4 gxh4 48. Rb1 Rc3 49. Rd1 Kf6 50. Kf3 h3 51. Ke4 h2 52. f4 Bxf4 53. Kxd4 Be5+ 54. Ke3 Kg5 55. Ke2 Bd4 56. Kd2 Rxd3+ 57. Kxd3 Bg1 0-1

[Event "Budapest Vezerkepzo GM 12"]
[Site "Budapest"]
[Date "2023.12.15"]
[Round "2"]
[White "Varga, Zoltan"]
[Black "Vardan, Nagpal"]
[Result "1/2-1/2"]
[WhiteElo "2378"]
[BlackElo "2323"]
[PlyCount "112"]
[EventDate "2023.12.14"]
[EventType "tourn"]
[EventRounds "9"]
[EventCountry "HUN"]
[EventCategory "6"]
[SourceTitle "CB52_2023"]
[SourceDate "2023.12.27"]
[SourceVersion "1"]
[SourceVersionDate "2023.12.27"]
[SourceQuality "1"]

1. e4 c5 2. Nf3 e6 3. d4 cxd4 4. Nxd4 Nf6 5. Nc3 Nc6 6. Ndb5 d6 7. Bf4 e5 8. Bg5 a6 9. Na3 Be6 10. Nc4 Rb8 11. Nd5 Bxd5 12. exd5 Ne7 13. Qf3 Ng6 14. h4 h6 15. Bxf6 Qxf6 16. Qxf6 gxf6 17. h5 b5 18. hxg6 bxc4 19. gxf7+ Kxf7 20. Bxc4 f5 21. Rh5 Kg6 22. Rh3 Be7 23. Ra3 Rhc8 24. b3 Ra8 25. 0-0-0 a5 26. Bb5 Ra7 27. Bc6 Bd8 28. Kd2 Bb6 29. Ke2 e4 30. Rh1 f4 31. Ra4 Re7 32. Rh3 Rf8 33. b4 f3+ 34. gxf3 exf3+ 35. Kf1 Re2 36. Rg3+ Kh7 37. Rxf3 Rxf2+ 38. Rxf2 Rxf2+ 39. Ke1 axb4 40. Rxb4 Bc5 41. Rc4 Be3 42. a4 Rf7 43. a5 Re7 44. Kf1 Kg6 45. a6 Kf6 46. Rc3 Ba7 47. Rf3+ Ke5 48. Rh3 Kd4 49. Rxh6 Bc5 50. Rh3 Kc4 51. Rf3 Ba7 52. Rd3 Bc5 53. Bb7 Ba7 54. Bc8 Rc7 55. Bf5 Bc5 56. Ke2 Kb5 1/2-1/2

[Event "Budapest FS12 GM"]
[Site "Budapest"]
[Date "2023.12.08"]
[Round "6"]
[White "Vardan, Nagpal"]
[Black "Egresi, Mate"]
[Result "1/2-1/2"]
[WhiteElo "2323"]
[BlackElo "2367"]
[PlyCount "110"]
[EventDate "2023.12.02"]
[EventType "tourn"]
[EventRounds "9"]
[EventCountry "HUN"]
[EventCategory "6"]
[SourceTitle "CB51_2023"]
[SourceDate "2023.12.20"]
[SourceVersion "1"]
[SourceVersionDate "2023.12.20"]
[SourceQuality "1"]

1. d4 d5 2. c4 e6 3. Nf3 Nf6 4. Nc3 c5 5. cxd5 Nxd5 6. e4 Nxc3 7. bxc3 cxd4 8. cxd4 Bb4+ 9. Bd2 Bxd2+ 10. Qxd2 0-0 11. Bc4 Nd7 12. 0-0 b6 13. a4 Bb7 14. Bd3 a5 15. Rfb1 Rc8 16. Rb3 Rc7 17. Qb2 Qa8 18. Re1 h6 19. h3 Ba6 20. Bb1 Rc4 21. Ne5 Nxe5 22. dxe5 Rxa4 23. Rxb6 Rd8 24. Qc3 Rf8 25. Rc6 Rc8 26. Rxc8+ Qxc8 27. Qxc8+ Bxc8 28. Rd1 Ba6 29. Bc2 Rc4 30. Rd8+ Kh7 31. Ra8 Bb7 32. Ra7 Bc6 33. Bd3 Rc3 34. Be2 a4 35. f3 Rc5 36. Kf2 Rxe5 37. Ke3 Rc5 38. Kd2 e5 39. Bd1 Rb5 40. Bxa4 Rb7 41. Rxb7 Bxb7 42. Ke3 Kg6 43. Bb3 Kf6 44. h4 Ba6 45. Kf2 Ke7 46. g3 f6 47. h5 Kd6 48. g4 Kc5 49. Ke3 Kb4 50. Be6 Kc3 51. Bd7 Bc4 52. Bc8 Kc2 53. Bd7 Kd1 54. Kf2 Kd2 55. Bc8 Kd3 1/2-1/2

[Event "Budapest FS12 GM"]
[Site "Budapest"]
[Date "2023.12.06"]
[Round "5"]
[White "Ilincic, Zlatko"]
[Black "Vardan, Nagpal"]
[Result "1/2-1/2"]
[WhiteElo "2302"]
[BlackElo "2323"]
[PlyCount "64"]
[EventDate "2023.12.02"]
[EventType "tourn"]
[EventRounds "9"]
[EventCountry "HUN"]
[EventCategory "6"]
[SourceTitle "CB51_2023"]
[SourceDate "2023.12.20"]
[SourceVersion "1"]
[SourceVersionDate "2023.12.20"]
[SourceQuality "1"]

1. d4 d5 2. c4 dxc4 3. e4 b5 4. a4 c6 5. Nc3 b4 6. Nb1 Ba6 7. Be3 e5 8. Nf3 exd4 9. Qxd4 Qxd4 10. Nxd4 Nf6 11. f3 Bc5 12. Nf5 Bxe3 13. Nxe3 c3 14. bxc3 Bxf1 15. Rxf1 Na6 16. cxb4 Nxb4 17. Ke2 0-0 18. Nd2 Nd7 19. Nb3 g6 20. Rfd1 Rfd8 21. Rd2 Kf8 22. Rad1 Ke7 23. Rd4 Rab8 24. Na5 c5 25. R4d2 Nb6 26. Nd5+ N6xd5 27. exd5 Re8 28. Kf2 Kd7 29. Nc6 Rb7 30. Na5 Rb6 31. Nc4 Rbb8 32. Na5 Rb6 1/2-1/2

[Event "London Mindsports op"]
[Site "London"]
[Date "2023.09.16"]
[Round "7"]
[White "Khandelwal, Ankush"]
[Black "Vardan, Nagpal"]
[Result "1/2-1/2"]
[WhiteElo "2277"]
[BlackElo "2322"]
[PlyCount "73"]
[EventDate "2023.09.13"]
[EventType "swiss"]
[EventRounds "9"]
[EventCountry "ENG"]
[SourceTitle "EXT 2024"]
[Source "ChessBase"]
[SourceDate "2023.10.10"]
[SourceVersion "1"]
[SourceVersionDate "2023.10.10"]
[SourceQuality "1"]

1. f4 Nf6 2. Nf3 d6 3. Nc3 Nbd7 4. e4 e5 5. d4 exd4 6. Qxd4 Nc5 7. e5 dxe5 8. Qxd8+ Kxd8 9. Ng5 Be6 10. fxe5 Nfd7 11. Bf4 h6 12. Nf3 a5 13. 0-0-0 c6 14. Nd4 Be7 15. Kb1 Bg4 16. Be2 Bxe2 17. Ncxe2 Ke8 18. Bg3 Nf8 19. Nf4 Nfe6 20. Ndxe6 Nxe6 21. Nxe6 fxe6 22. Rhf1 Rf8 23. Rxf8+ Bxf8 24. c4 a4 25. Kc2 Bc5 26. Rd2 b5 27. Bf2 Be7 28. g4 a3 29. cxb5 cxb5 30. b3 Rc8+ 31. Kd3 Rc1 32. Rc2 Rh1 33. Bb6 Rd1+ 34. Ke4 Re1+ 35. Kd4 Rd1+ 36. Ke4 Re1+ 37. Kd4 1/2-1/2

[Event "London Mindsports op"]
[Site "London"]
[Date "2023.09.14"]
[Round "3"]
[White "Stoyanov, Viktor"]
[Black "Vardan, Nagpal"]
[Result "1-0"]
[WhiteElo "2262"]
[BlackElo "2322"]
[PlyCount "133"]
[EventDate "2023.09.13"]
[EventType "swiss"]
[EventRounds "9"]
[EventCountry "ENG"]
[SourceTitle "EXT 2024"]
[Source "ChessBase"]
[SourceDate "2023.10.10"]
[SourceVersion "1"]
[SourceVersionDate "2023.10.10"]
[SourceQuality "1"]

1. Nf3 Nf6 2. c4 c5 3. Nc3 Nc6 4. e3 e6 5. d4 d5 6. cxd5 exd5 7. Bb5 cxd4 8. Nxd4 Bd7 9. 0-0 Bd6 10. Nf3 a6 11. Be2 Be6 12. b3 0-0 13. Bb2 Rc8 14. Rc1 Re8 15. Nd4 Bd7 16. Nxc6 Bxc6 17. Bf3 Be5 18. Na4 Bxb2 19. Nxb2 Qa5 20. a4 b5 21. Qd4 bxa4 22. Nxa4 Bxa4 23. bxa4 Rb8 24. Rc5 Qb4 25. Qxb4 Rxb4 26. Ra5 Re6 27. Bxd5 Nxd5 28. Rxd5 g6 29. a5 Rc6 30. g3 Rb2 31. Kg2 Kg7 32. g4 Ra2 33. Kg3 Rc3 34. h4 h6 35. h5 gxh5 36. Rxh5 Rb3 37. Rfh1 Rbb2 38. R1h2 Rb5 39. Rxh6 Raxa5 40. Rh7+ Kf8 41. Rh8+ Ke7 42. Ra8 Rg5 43. Rh7 Kf6 44. f4 Rgc5 45. Rxa6+ Rxa6 46. Rh6+ Kg7 47. Rxa6 Rc1 48. g5 Rg1+ 49. Kf3 Rf1+ 50. Ke4 Rb1 51. Kf5 Rb5+ 52. Kg4 Rb4 53. Ra2 Rc4 54. Ra6 Rb4 55. Rd6 Rc4 56. Rd4 Rc3 57. e4 Rc6 58. e5 Ra6 59. Kf5 Rb6 60. Rd6 Rb7 61. g6 fxg6+ 62. Rxg6+ Kf7 63. Rh6 Kg7 64. Rd6 Rf7+ 65. Kg5 Ra7 66. f5 Kf7 67. Rd7+ 1-0

[Event "Southend Masters"]
[Site "Southend"]
[Date "2023.04.10"]
[Round "9"]
[White "Willow, Jonah B"]
[Black "Vardan, Nagpal"]
[Result "1/2-1/2"]
[WhiteElo "2468"]
[BlackElo "2333"]
[PlyCount "68"]
[EventDate "2023.04.06"]
[EventType "tourn"]
[EventRounds "9"]
[EventCountry "ENG"]
[EventCategory "9"]
[SourceTitle "CBM 213 Extra"]
[Source "ChessBase"]
[SourceDate "2023.05.31"]
[SourceVersion "1"]
[SourceVersionDate "2023.05.31"]
[SourceQuality "1"]

1. e4 e5 2. Nf3 Nf6 3. Nxe5 d6 4. Nf3 Nxe4 5. Nc3 Nf6 6. d4 g6 7. Bg5 Bg7 8. Qe2+ Kf8 9. 0-0-0 h6 10. Bh4 Nc6 11. d5 Ne7 12. Nd4 g5 13. Bg3 Nf5 14. Nxf5 Bxf5 15. f3 a6 16. Bf2 Nd7 17. h4 b5 18. Qd2 Ne5 19. hxg5 hxg5 20. Rxh8+ Bxh8 21. Bd4 Bg6 22. Ne2 Kg8 23. Ng1 Rc8 24. Nh3 c5 25. Bxe5 Bxe5 26. Bd3 Qf6 27. Kb1 Bxb2 28. Qxg5 Qxg5 29. Nxg5 Bf6 30. Bxg6 Bxg5 31. Bf5 Re8 32. Be4 Bf6 33. Rh1 Bg7 34. Rh5 Kf8 1/2-1/2

[Event "Southend Masters"]
[Site "Southend"]
[Date "2023.04.08"]
[Round "6"]
[White "Vardan, Nagpal"]
[Black "Ernst, Sipke"]
[Result "1/2-1/2"]
[WhiteElo "2333"]
[BlackElo "2526"]
[PlyCount "78"]
[EventDate "2023.04.06"]
[EventType "tourn"]
[EventRounds "9"]
[EventCountry "ENG"]
[EventCategory "9"]
[SourceTitle "CBM 213 Extra"]
[Source "ChessBase"]
[SourceDate "2023.05.31"]
[SourceVersion "1"]
[SourceVersionDate "2023.05.31"]
[SourceQuality "1"]

1. d4 d5 2. c4 e6 3. Nc3 Nf6 4. Bg5 Be7 5. e3 h6 6. Bh4 0-0 7. Nf3 b6 8. Bd3 Bb7 9. 0-0 Nbd7 10. cxd5 Nxd5 11. Bxe7 Qxe7 12. Nxd5 Bxd5 13. Qe2 c5 14. dxc5 Nxc5 15. Bc4 Bb7 16. Rfd1 Rfd8 17. Ne1 a6 18. f3 b5 19. Bd3 e5 20. Bc2 e4 21. f4 Bd5 22. b3 Qf6 23. Rab1 Be6 24. Rxd8+ Rxd8 25. Rd1 b4 26. Rxd8+ Qxd8 27. Qd1 Qxd1 28. Bxd1 a5 29. Nc2 Nd3 30. Nd4 Bd5 31. Bc2 g6 32. Kf1 Nc5 33. Ke2 Kf8 34. Kd2 Ke7 35. g3 h5 36. Bd1 Ne6 37. Nxe6 Bxe6 38. Be2 Bh3 39. Bc4 Be6 1/2-1/2

[Event "Southend Masters"]
[Site "Southend"]
[Date "2023.04.07"]
[Round "4"]
[White "Boyer, Mahel"]
[Black "Vardan, Nagpal"]
[Result "1-0"]
[WhiteElo "2463"]
[BlackElo "2333"]
[PlyCount "97"]
[EventDate "2023.04.06"]
[EventType "tourn"]
[EventRounds "9"]
[EventCountry "ENG"]
[EventCategory "9"]
[SourceTitle "CBM 213 Extra"]
[Source "ChessBase"]
[SourceDate "2023.05.31"]
[SourceVersion "1"]
[SourceVersionDate "2023.05.31"]
[SourceQuality "1"]

1. c4 c5 2. Nf3 Nf6 3. Nc3 Nc6 4. g3 d5 5. d4 e6 6. cxd5 Nxd5 7. Bg2 Nxc3 8. bxc3 cxd4 9. cxd4 Bb4+ 10. Bd2 Bxd2+ 11. Qxd2 0-0 12. 0-0 Bd7 13. Rac1 Rc8 14. e4 Qa5 15. Qb2 b6 16. a3 Ne7 17. h4 Qb5 18. Qa1 Rxc1 19. Rxc1 Rc8 20. Ne5 f6 21. Bf1 Qa4 22. Nc4 Qc6 23. Rd1 b5 24. d5 exd5 25. exd5 Qc5 26. Na5 Qb6 27. Nb3 Qd6 28. Qd4 Rc7 29. Qb4 Nc8 30. h5 a6 31. h6 gxh6 32. Qh4 Kg7 33. Bh3 Ne7 34. Bxd7 Rxd7 35. Nc5 Ng6 36. Qg4 Re7 37. Ne6+ Kg8 38. Qf5 Kf7 39. Qh5 Kg8 40. Rc1 Qb8 41. Qxh6 Rd7 42. Rc6 Qe8 43. Rxa6 Qc8 44. Rc6 Qa8 45. Kh2 f5 46. Ng5 Qb7 47. Rxg6+ hxg6 48. Qxg6+ Kf8 49. d6 1-0

[Event "Southend Masters"]
[Site "Southend"]
[Date "2023.04.06"]
[Round "2"]
[White "Kirk, Ezra"]
[Black "Vardan, Nagpal"]
[Result "1/2-1/2"]
[WhiteElo "2439"]
[BlackElo "2333"]
[PlyCount "135"]
[EventDate "2023.04.06"]
[EventType "tourn"]
[EventRounds "9"]
[EventCountry "ENG"]
[EventCategory "9"]
[SourceTitle "CBM 213 Extra"]
[Source "ChessBase"]
[SourceDate "2023.05.31"]
[SourceVersion "1"]
[SourceVersionDate "2023.05.31"]
[SourceQuality "1"]

1. e4 e5 2. Nf3 Nf6 3. Nc3 Nc6 4. Bb5 Bb4 5. 0-0 0-0 6. Bxc6 dxc6 7. d3 Nd7 8. Ne2 Bd6 9. Ng3 c5 10. Nd2 Nb8 11. Nc4 Nc6 12. a4 Be6 13. b3 Qd7 14. h3 f6 15. Ne3 Rf7 16. Nef5 Nd4 17. Nxd4 cxd4 18. Qe2 Re8 19. Ba3 c5 20. Bc1 Qc7 21. Nf5 Bf8 22. g4 b6 23. f4 exf4 24. Bxf4 Qd7 25. Qg2 a6 26. Rf3 b5 27. axb5 axb5 28. Kh1 Qc6 29. Bh2 Bxf5 30. Rxf5 c4 31. bxc4 bxc4 32. Raf1 Rd7 33. g5 fxg5 34. Qxg5 cxd3 35. cxd3 Be7 36. Qg4 Rf8 37. Rxf8+ Bxf8 38. Qf5 Bb4 39. Be5 g6 40. Qg5 Qe6 41. Kg2 Bd6 42. Bxd6 Rxd6 43. h4 Kg7 44. h5 h6 45. Qf4 Qe7 46. Qg4 Kh7 47. Rf4 gxh5 48. Qxh5 Rg6+ 49. Kf3 Kg7 50. Qd5 Qa7 51. e5 Qe7 52. Qxd4 h5 53. Rf5 Qe6 54. Rxh5 Qf7+ 55. Qf4 Qd5+ 56. Qe4 Qb3 57. Rh1 Qb2 58. Re1 Qg2+ 59. Ke3 Rg3+ 60. Kd4 Rg4 61. e6 Kf8 62. Rf1+ Ke8 63. Rf4 Qb2+ 64. Ke3 Qc1+ 65. Kf3 Qd1+ 66. Ke3 Qc1+ 67. Kf3 Qd1+ 68. Ke3 1/2-1/2

[Event "London Mindsports IM-B"]
[Site "London"]
[Date "2023.02.16"]
[Round "2"]
[White "Durak, Can"]
[Black "Vardan, Nagpal"]
[Result "1/2-1/2"]
[WhiteElo "2350"]
[BlackElo "2331"]
[PlyCount "74"]
[EventDate "2023.02.15"]
[EventType "tourn"]
[EventRounds "9"]
[EventCountry "ENG"]
[EventCategory "1"]
[SourceTitle "CBM 212 Extra"]
[Source "ChessBase"]
[SourceDate "2023.03.31"]
[SourceVersion "1"]
[SourceVersionDate "2023.03.31"]
[SourceQuality "1"]

1. d4 d5 2. c4 dxc4 3. e3 Nf6 4. Bxc4 e6 5. Nf3 a6 6. 0-0 c5 7. e4 b5 8. Be2 Bb7 9. e5 Nfd7 10. a4 b4 11. Nbd2 Be7 12. Nc4 0-0 13. Be3 Bd5 14. Rc1 cxd4 15. Nxd4 Nc6 16. Nxc6 Bxc6 17. f4 Rc8 18. Nd6 Bxd6 19. Qxd6 Bxa4 20. Bxa6 Rxc1 21. Rxc1 Nb8 22. Qxb4 Nxa6 23. Qxa4 Qd3 24. Bf2 h6 25. Qc4 Rd8 26. Qxd3 Rxd3 27. Be1 Rd4 28. Ra1 Nc7 29. g3 g5 30. Bc3 Rc4 31. fxg5 hxg5 32. Rc1 g4 33. Rd1 Nb5 34. Re1 Nxc3 35. bxc3 Rxc3 36. Re4 Rc1+ 37. Kf2 Rc2+ 1/2-1/2

[Event "London Mindsports IM-B"]
[Site "London"]
[Date "2023.02.16"]
[Round "3"]
[White "Vardan, Nagpal"]
[Black "Oragwu, Chukwunonso"]
[Result "0-1"]
[WhiteElo "2331"]
[BlackElo "2195"]
[PlyCount "190"]
[EventDate "2023.02.15"]
[EventType "tourn"]
[EventRounds "9"]
[EventCountry "ENG"]
[EventCategory "1"]
[SourceTitle "CBM 212 Extra"]
[Source "ChessBase"]
[SourceDate "2023.03.31"]
[SourceVersion "1"]
[SourceVersionDate "2023.03.31"]
[SourceQuality "1"]

1. d4 Nf6 2. c4 b6 3. f3 c5 4. d5 d6 5. e4 g6 6. Nc3 Bg7 7. Be3 Na6 8. Qd2 h5 9. Bd3 Nc7 10. Nge2 Rb8 11. 0-0 a6 12. a4 Bd7 13. b3 b5 14. axb5 axb5 15. e5 dxe5 16. Bxc5 0-0 17. Ne4 Re8 18. Be3 Ra8 19. Rac1 Ra3 20. Bc2 Bc8 21. N2c3 Bb7 22. Rfd1 Ra8 23. Nc5 Qb8 24. N3e4 Rd8 25. Bb1 Bc8 26. Kh1 Nce8 27. Nd3 e6 28. Nb4 Bb7 29. Nxf6+ Bxf6 30. Qe1 Ng7 31. dxe6 Nxe6 32. cxb5 Rxd1 33. Qxd1 Nd4 34. Bxd4 exd4 35. Nc6 Qd6 36. Be4 Ra2 37. Qd3 Kg7 38. Rd1 h4 39. Qc4 Qf4 40. Qc1 Qe3 41. Nb4 Qe2 42. Nxa2 h3 43. Rg1 Bxe4 44. fxe4 Qxa2 45. Qd1 Be5 46. Qf3 hxg2+ 47. Rxg2 Qb1+ 48. Rg1 Qc2 49. Qg2 Qxb3 50. Qe2 d3 51. Qe3 Qb2 52. Rg2 Qb1+ 53. Qg1 Qxb5 54. Rd2 Bc3 55. Rd1 d2 56. Qe3 Qb4 57. Qd3 Qa5 58. Rb1 Qe5 59. Qf3 Qc7 60. Kg2 Be5 61. h3 Qe7 62. Rd1 Qg5+ 63. Kf1 Bf4 64. Ke2 Qb5+ 65. Kf2 Qc5+ 66. Kg2 Qg5+ 67. Kh1 Qe5 68. Qd3 Qh5 69. Rf1 Qe5 70. Qf3 Qg5 71. Rd1 Qe5 72. Rb1 Qg5 73. Rb3 Qh4 74. Rd3 Qg5 75. Rd5 Qh4 76. Kg2 Qf6 77. Qd3 Qh4 78. Qf3 Qf6 79. Qf2 Kh7 80. h4 Kg7 81. h5 gxh5 82. Qf3 Qg6+ 83. Kh3 Bg5 84. Kh2 h4 85. Kh3 Qe6+ 86. Qg4 Kh6 87. Qxe6+ fxe6 88. Rd6 Kh5 89. e5 Bf4 90. Rd8 Kg5 91. Rd7 Kf5 92. Kxh4 Kxe5 93. Kh3 Ke4 94. Kg2 Ke3 95. Kf1 Be5 0-1

[Event "IND-ch 59th"]
[Site "New Delhi"]
[Date "2022.12.27"]
[Round "6"]
[White "Vignesh, NR."]
[Black "Vardan, Nagpal"]
[Result "1-0"]
[WhiteElo "2493"]
[BlackElo "2329"]
[PlyCount "63"]
[EventDate "2022.12.22"]
[EventType "swiss"]
[EventRounds "13"]
[EventCountry "IND"]
[SourceTitle "CBM 211 Extra"]
[Source "ChessBase"]
[SourceDate "2023.01.31"]
[SourceVersion "1"]
[SourceVersionDate "2023.01.31"]
[SourceQuality "1"]

1. e4 c5 2. Nf3 e6 3. d4 cxd4 4. Nxd4 Nf6 5. Nc3 Nc6 6. Nxc6 bxc6 7. e5 Nd5 8. Ne4 Qc7 9. f4 Qb6 10. c4 Bb4+ 11. Ke2 Ba6 12. Kf3 f5 13. exf6 Nxf6 14. c5 Bxc5 15. Nxc5 Bxf1 16. Na4 Bxg2+ 17. Kxg2 Qb4 18. Nc3 0-0 19. Rf1 Nd5 20. Nxd5 exd5 21. Qd3 Rae8 22. b3 Re4 23. Bd2 Qa3 24. Kh1 Rfe8 25. Rg1 Qd6 26. Rg2 Qf6 27. Rag1 R8e7 28. Bc3 d4 29. Bb4 d6 30. Qc4+ Kh8 31. Qxc6 Qxf4 32. Rxg7 1-0